Statistics for African Geography by Letter - R

Click here to take the quiz!

General Stats

  • This quiz has been taken 103 times
    (81 since last reset)
  • The average score is 10 of 20

Answer Stats

HintAnswer% Correct
Landlocked country in east AfricaRwanda
100%
Capital city of MoroccoRabat
99%
Former country which turned into ZimbabweRhodesia
97%
Official name of the country of which Brazzaville is the capitalRepublic of the Congo
95%
Body of water that separates Africa from the Arabian PeninsulaRed Sea
90%
Large animal known for the horns on its facerhinoceros
87%
Overseas department of France in the Indian OceanRéunion
85%
Name of several ancient Egyptian pharaohs, including arguably the most powerfulRamesses
83%
The Great _____ Valley separates the African Plate and the Somali PlateRift
81%
Island in South Africa where Nelson Mandela was imprisonedRobben Island
68%
Empire that ruled much of North Africa after conquering Carthage in the first centuryRoman Empire
60%
Mainland region of Equatorial Guinea with 72% of the country's populationRio Muni
18%
Autonomous eastern island of MauritiusRodrigues
14%
Tallest mountain in EthiopiaRas Dashen
13%
State in southern Nigeria; its capital is Port HarcourtRivers State
13%
River in the above country that is the most distant source of the NileRukarara River
10%
Island of Sāo Tomé and Príncipe which lies on the EquatorRolas
9%
Empire that existed in modern Zimbabwe form 1500-1866Rozvi Empire
9%
Longest river in TanzaniaRufiji River
8%
River that flows from Lake Kivu to Lake TanganyikaRuzizi River
6%

Score Distribution

Percentile by Number Answered

Percent of People with Each Score

Your Score History

You have not taken this quiz since the last reset